Staat und Kirche; (Record no. 19554)

MARC details
000 -LEADER
fixed length control field 00586cam a22002051 4500
001 - CONTROL NUMBER
control field e 13001493
003 - CONTROL NUMBER IDENTIFIER
control field DLC
005 - DATE AND TIME OF LATEST TRANSACTION
control field 20260227111200.0
008 - FIXED-LENGTH DATA ELEMENTS--GENERAL INFORMATION
fixed length control field 920710s1912 gw 000 0 ger c
010 ## - LIBRARY OF CONGRESS CONTROL NUMBER
LC control number e 13001493
035 ## - SYSTEM CONTROL NUMBER
System control number (OCoLC)26172007
040 ## - CATALOGING SOURCE
Original cataloging agency U.S. Office of Education
Transcribing agency GEU-T
Modifying agency DLC
050 00 - LIBRARY OF CONGRESS CALL NUMBER
Classification number BR853
Item number .K63
100 1# - MAIN ENTRY--PERSONAL NAME
Personal name König, Karl,
Dates associated with a name 1868-
245 00 - TITLE STATEMENT
Title Staat und Kirche;
Remainder of title der deutsche Weg zur Zukunft.
250 ## - EDITION STATEMENT
Edition statement 1. und 2. tausend.
260 ## - PUBLICATION, DISTRIBUTION, ETC.
Place of publication, distribution, etc. Jena,
Name of publisher, distributor, etc. E. Diederichs,
Date of publication, distribution, etc. 1912.
300 ## - PHYSICAL DESCRIPTION
Extent 2 p. l., 3-78 p.
Dimensions 22 cm.
650 #0 - SUBJECT ADDED ENTRY--TOPICAL TERM
Topical term or geographic name entry element Church and state
Geographic subdivision Germany.

No items available.

Powered by Koha